Bộ sách 10 vạn câu hỏi vì sao?: Khoa học nông nghiệp

Αποθηκεύτηκε σε:
Λεπτομέρειες βιβλιογραφικής εγγραφής
Κύριος συγγραφέας: Bộ sách 10 vạn câu hỏi vì sao?: Khoa học nông nghiệp
Μορφή: Βιβλίο
Γλώσσα:Undetermined
Έκδοση: Hà Nội KHKT 1996
Θέματα:
Ετικέτες: Προσθήκη ετικέτας
Δεν υπάρχουν, Καταχωρήστε ετικέτα πρώτοι!
Thư viện lưu trữ: Trung tâm Học liệu Trường Đại học Cần Thơ
LEADER 00674nam a2200193Ia 4500
001 CTU_19542
008 210402s9999 xx 000 0 und d
020 |b 14.000đ 
082 |a 630 
082 |b B450 
100 |a Bộ sách 10 vạn câu hỏi vì sao?: Khoa học nông nghiệp 
245 0 |a Bộ sách 10 vạn câu hỏi vì sao?: Khoa học nông nghiệp 
245 0 |c Bộ sách 10 vạn câu hỏi vì sao?: Khoa học nông nghiệp, Nguyễn Mười 
260 |a Hà Nội 
260 |b KHKT 
260 |c 1996 
650 |a agriculture 
904 |i Minh, 971120 
980 |a Trung tâm Học liệu Trường Đại học Cần Thơ